|
|
|
|
| LEADER |
01191nam a2200277 a 4500 |
| 001 |
2002117 |
| 008 |
090604s1988 ja a b i100 0 eng d |
| 010 |
|
|
|a 90123399
|
| 020 |
|
|
|a 9280806343
|
| 040 |
|
|
|a NbU
|c NbU
|d DLC
|
| 082 |
0 |
0 |
|a 363.8
|2 19
|
| 245 |
0 |
0 |
|a Effective communications for nutrition in primary health care :
|b report of the Asian Regional Workshop, Bangkok, Thailand, 3-7 October 1983 /
|c edited by Jean E. Andersen and Aree Valyasevi.
|
| 260 |
|
|
|a Tokyo, Japan :
|b United Nations University,
|c c1988.
|
| 300 |
|
|
|a xii, 208 p. :
|b ill. ;
|c 24 cm.
|
| 490 |
1 |
|
|a Food and nutrition bulletin.
|p Supplement ;
|v 13
|
| 500 |
|
|
|a "WHTR-11/UNUP-634"--T.p. verso.
|
| 504 |
|
|
|a Includes bibliographical references.
|
| 541 |
1 |
|
|e 00004224
|
| 650 |
|
0 |
|a Nutrition policy
|z Asia
|x Congresses.
|
| 650 |
|
0 |
|a Nutrition counseling
|z Asia
|x Congresses.
|
| 650 |
|
0 |
|a Health education
|z Asia
|x Congresses.
|
| 700 |
1 |
|
|a Andersen, Jean E.
|
| 700 |
0 |
|
|a Aree Valyasevi.
|
| 852 |
4 |
|
|a Ayesha Abed Library
|j General Shelf.
|
| 999 |
|
|
|c 1531
|d 1531
|
| 952 |
|
|
|0 0
|1 0
|2 ddc
|4 0
|6 363_800000000000000_EFF_1988
|7 0
|9 1408
|a BRACUL
|b BRACUL
|c GEN
|d 2009-06-28
|g 1680.00
|l 0
|o 363.8 EFF
|p 3010004224
|r 2009-06-28
|t 1
|w 2009-06-28
|y BK
|